| 000 | 00815nam a2200241 i 4500 | ||
|---|---|---|---|
| 001 | 67458 | ||
| 003 | ES-MaACL | ||
| 005 | 20230906170056.0 | ||
| 007 | t| | ||
| 008 | 040527s2003 sp ||||1| spa d | ||
| 020 | _a84-95240-87-4 | ||
| 080 | _a349.412.2(460) | ||
| 080 | _a347.235(460) | ||
| 100 | 1 |
_aAcedo-Rico Henning, Fernando, _918218 |
|
| 245 | 1 | 4 |
_aLos sistemas de gestión urbanísticos y su publicidad registral / _cFernando Acedo-Rico Henning. |
| 260 |
_a[Madrid] : _bServicio de Estudios del Colegio de Registradores, _c[2003] |
||
| 300 |
_a386 p. ; _c25 cm. |
||
| 504 | _aBibliografía: p. 383-386. | ||
| 650 | 4 |
_aSistemas de actuación urbanística- _zEspaña. _917138 |
|
| 650 | 4 |
_aRegistro de la propiedad- _zEspaña. _916759 |
|
| 852 |
_aES-MaACL _jL-27631 _bR.133368 |
||
| 999 |
_c67458 _d67458 |
||